00394nam a2200157 a 4500001001300000003000900013005001700022008004100039020001000080082001500090100001500105245002900120260003700149500003500186700001500221nice12345678IN_TiNIC20260116011259.0050524s1900 oxfa grp 000 0 eng  ac10000a297.1bPAL aPalmer, Mr aSacred Books of the East aOxford bClarendon Pressa c1900 aincludes index and biblioraphy1 aPalmer, Mr